| 000 | 00618nam a2200229Ia 4500 | ||
|---|---|---|---|
| 003 | OSt | ||
| 005 | 20220924122409.0 | ||
| 006 | a|||||r|||| 00| 0 | ||
| 007 | ta | ||
| 008 | 220923b |||||||| |||| 00| 0 per d | ||
| 024 | _a266340 | ||
| 037 | _cTextual | ||
| 040 |
_aARTS _cARTS _bper |
||
| 041 |
_2per _aper |
||
| 082 | _aO168,1M76, D4;K9 | ||
| 100 |
_aMohammad Iqbal _976526 |
||
| 245 | 0 | _aAsrar-e-khudi | |
| 260 |
_aLahore _bSheikh Mubarak Ali Tajir Pakistan _c1904 |
||
| 650 | _aURDU POETRY | ||
| 942 |
_hO168,1M76, D4;K9 _cTEXL _2CC |
||
| 999 |
_c411463 _d411463 |
||